Exposición del señor Oscar Arias Sánchez, Ministro de Planificación de Costa Rica, ante el Comité Interamericano de la Alianza para el Progreso el 5 de marzo de 1973

Guardado en:
書目詳細資料
主要作者: Arias Sánchez, Oscar
格式: Texto
語言:Spanish
出版: San José : 1973
標簽: 添加標簽
沒有標簽, 成為第一個標記此記錄!

MARC

LEADER 00000 a a2200000 04500
001 17997
003 cru CIDCACS/IIS
005 20231128114409.0
008 231128b |||||||| |||| 00| 0 spa d
040 |a CRAI/IIS  |c cru CIDCACS/IIS 
090 |a 003200  
100 |a Arias Sánchez, Oscar  
245 |a Exposición del señor Oscar Arias Sánchez, Ministro de Planificación de Costa Rica, ante el Comité Interamericano de la Alianza para el Progreso el 5 de marzo de 1973  
260 |a San José :   |c 1973 
300 |a 37 p.  
942 |2 z  |c LI 
999 |c 14310  |d 14310